US Secretaries of Defense Quiz Stats

 Plays Quiz Updated Jan 25, 2021

     
Support Sporcle.
Go Orange.
Score 0/28 Timer 06:00
0 Plays Today
In office Secretary of Defense % Correct
1975-77Donald Rumsfeld
82.3%
2001-06Donald Rumsfeld
82.3%
2017-2018James Mattis
73.2%
2006-11Robert Gates
73.1%
1959-61Thomas Gates
72.3%
2021-presentLloyd Austin
61.4%
1961-68Robert McNamara
58.3%
2011-13Leon Panetta
57.9%
2019-2021Mark Esper
56.3%
1989-93Dick Cheney
55.4%
2015-2017Ashton Carter
55.3%
2013-15Chuck Hagel
53.8%
1950-51Gen. George Marshall
36.6%
1981-87Caspar Weinberger
33.4%
In office Secretary of Defense % Correct
1997-01William Cohen
33.1%
1949-50Louis Johnson
25.3%
1993-94Les Aspin
23.4%
1947-49James Forrestal
22.2%
1994-97William Perry
20.5%
1977-81Harold Brown
19.6%
1969-73Melvin Laird
17.9%
1968-69Clark Clifford
17.7%
1973-75James Schlesinger
17.3%
1987-89Frank Carlucci
16.9%
1973Elliot Richardson
15.7%
1953-57Charles Erwin Wilson
15.7%
1951-53Robert Lovett
12.2%
1957-59Neil McElroy
11.4%

From the Vault

Constellations

by Matt

Science 12m
While this is a quiz on the 88 recognized constellations of the IAU, a strong knowledge of Latin will certainly get you far.
Remove Ads.
Support Sporcle.
Get the best of Sporcle when you Go Orange. This ad-free experience offers more features, more stats, and more fun while also helping to support Sporcle. Thank you for becoming a member.

Show Comments

Extras

Top Quizzes Today


Score Distribution

Your Account Isn't Verified!

In order to create a playlist on Sporcle, you need to verify the email address you used during registration. Go to your Sporcle Settings to finish the process.

Report this User

Report this user for behavior that violates our Community Guidelines.

Details: